000 02344nam0a2200385 i 4500
001 RU\NLR\BIBL_A\011130628
005 20241114192814.0
010 _a9785829903275
_960
021 _aRU
_b2016-33389
_92143
035 _a(NILC)RuMoRGB-008465871
035 _a(NLR Aleph) 011130628
090 _a11566262
_c11566262
100 _a20160517d2016 km y0rusy50 ca
101 0 _arus
_deng
102 _aRU
_aRU
105 _aa|||z||||01yy
200 1 _aМодернизация содержания и технологий вузовского образования на основе стандартов профессиональной деятельности
_eматериалы Всероссийской научно-практической конференции, 7 апреля 2016 года
_f[редкол.: Филатова Л. П., к. п. н., доц. (отв. ред.) и др.]
210 _aНижний Тагил
_cНТГСПИ (ф) РГППУ
_d2016
215 _a172 с.
_cил.
_d20
300 _aВ надзаг.: М-во образования и науки Рос. Федерации, Нижнетагил. гос. социал.-пед. ин-т (фил.) ФГАОУ ВО "Рос. гос. проф.-пед. ун-т"
300 _aРез. на англ. яз.
320 _aБиблиогр. в примеч. в конце докл.
606 _aПрофессиональное образование
_jСъезды, совещания и т.п
_xОбразовательные стандарты
_92250537
_3RU\NLR\AUTH\661349938
610 0 _aвысшее образование
610 0 _aпрофессиональное образование
675 _a378
686 1 _aЧ451.211я431
702 1 _aФилатова
_bЛ. П.
_4340
711 1 2 _a"Модернизация содержания и технологий вузовского образования на основе стандартов профессиональной деятельности", всероссийская научно-практическая конференция
_eНижний Тагил
_f2016
_9518000
_3RU\NLR\AUTH\880426715
801 0 _aRU
_bРГБ
_c20160421
_gRCR
942 _cBOOK
980 _aNBR